Самые населённые города в каждом часовом поясе - Statistics

General Stats
  • This quiz has been taken 24 times
  • The average score is 9 of 30
Answer Stats
Часовой пояс Город Население % Correct
UTC Лондон (Великобритания) 14 млн
76%
UTC+9 Токио (Япония) 37.3 млн
76%
UTC-6 Мехико (Мексика) 21 млн
62%
UTC+3,5 Тегеран (Иран) 14.6 млн
62%
UTC-8 Лос-Анджелес (США) 3.8 млн
57%
UTC+3 Стамбул (Турция) 15.9 млн
57%
UTC-3 Сан-Паулу (Бразилия) 22.6 млн
52%
UTC+2 Каир (Египет) 22.8 млн
52%
UTC+5,5 Дели (Индия) 33.8 млн
48%
UTC+7 Джакарта (Индонезия) 10.7 млн
38%
UTC+10 Сидней (Австралия) 5.3 млн
33%
UTC-9 Анкоридж (США) 288 тыс
29%
UTC+4,5 Кабул (Афганистан) 4.6 млн
29%
UTC+6 Дакка (Бангладеш) 22.5 млн
29%
UTC-5 Лима (Перу) 11.8 млн
24%
UTC-4 Сантьяго (Чили) 7.1 млн
24%
UTC+5 Карачи (Пакистан) 20.3 млн
19%
UTC-11 Апиа (Самоа) 37 тыс
14%
UTC-10 Гонолулу (США) 350 тыс
14%
UTC+1 Киншаса (ДР Конго) 17 млн
14%
UTC-2 Нуук (Дания) 19 тыс
10%
UTC+4 Дубай (ОАЭ) 3 млн
10%
UTC+6,5 Янгон (Мьянма) 5.2 млн
10%
UTC+8 Чунцин (Китай) 32 млн
10%
UTC+11 Южно-Сахалинск (Россия) 187 тыс
10%
UTC+12 Окленд (Новая Зеландия) 1.5 млн
10%
UTC-7 Финикс (США) 1.7 млн
5%
UTC-1 Прая (Кабо-Верде) 159 тыс
5%
UTC-9,5 Тайохае (Франция) 2 тыс
0%
UTC-3,5 Сент-Джонс (Канада) 101 тыс
0%
No matching quizzes found
Score Distribution
Percent of People with Each Score
Percentile by Number Answered
Your Score History
You have not taken this quiz